000
00400nam a22001697a 4500
003
MPLRDC
005
20220104124706.0
008
210129b ||||| |||| 00| 0 eng d
082
_a
539.52 JSS
100
_a
金受申
245
_a
北京的传说
_c
250
_a
一版一刷
260
_a
_b
北京出版社
_c
1981
300
_b
平
650
_a
中国民间传说
942
_c
BK
_o
539.52 JSS
999
_c
21373
_d
21363